[Event "Yalta Yialos Rapid op"]
[Site "Yalta"]
[Date "2023.08.25"]
[Round "2"]
[White "Nemov, Anton"]
[Black "Krivoshapov, Ivan Aleks"]
[Result "1-0"]
[WhiteElo "2009"]
[BlackElo "1072"]
[PlyCount "54"]
[EventDate "2023.08.25"]
[EventType "swiss (rapid)"]
[EventRounds "11"]
[EventCountry "UKR"]
[SourceTitle "EXT 2024"]
[Source "ChessBase"]
[SourceDate "2023.10.10"]
[SourceVersion "1"]
[SourceVersionDate "2023.10.10"]
[SourceQuality "1"]

1. d4 Nf6 2. Bg5 Ne4 3. Bh4 d5 4. f3 Nd6 5. Nc3 c6 6. e4 dxe4 7. fxe4 g6 8. Nf3 Bg7 9. Qd2 0-0 10. 0-0-0 Re8 11. e5 Nf5 12. Bf2 Bh6 13. Ng5 f6 14. Bc4+ Kg7 15. h4 c5 16. Nce4 cxd4 17. Kb1 fxe5 18. Qe2 Bxg5 19. Nxg5 Nc6 20. h5 e6 21. Nxh7 Kxh7 22. hxg6+ Kxg6 23. Qh5+ Kf6 24. g4 Rh8 25. Qxh8+ Qxh8 26. Rxh8 Nd6 27. Rdh1 Rb8 1-0

[Event "Yalta Yialos op"]
[Site "Yalta"]
[Date "2023.08.21"]
[Round "6"]
[White "Prober, Egor"]
[Black "Krivoshapov, Ivan Aleks"]
[Result "1-0"]
[WhiteElo "1064"]
[BlackElo "1072"]
[PlyCount "93"]
[EventDate "2023.08.16"]
[EventType "swiss"]
[EventRounds "9"]
[EventCountry "UKR"]
[SourceTitle "EXT 2024"]
[Source "ChessBase"]
[SourceDate "2023.10.10"]
[SourceVersion "1"]
[SourceVersionDate "2023.10.10"]
[SourceQuality "1"]

1. d4 Nf6 2. c4 e6 3. Nc3 d5 4. Nf3 Bb4 5. e3 0-0 6. Bd3 dxc4 7. Bxc4 c5 8. 0-0 Nc6 9. Ne2 Na5 10. Bb3 c4 11. Bc2 b5 12. Bd2 Bxd2 13. Qxd2 Bb7 14. Ne5 Nc6 15. Nxc6 Bxc6 16. Qc3 Nd5 17. Qe1 Qe7 18. Ng3 Qh4 19. e4 Nf6 20. f3 Rfd8 21. Rd1 Qf4 22. Qf2 Rd7 23. Ne2 Qh6 24. b3 cxb3 25. axb3 b4 26. Bd3 a5 27. Rc1 Bb7 28. Rc5 Qd2 29. Bc2 Ba6 30. Bd1 Bxe2 31. Bxe2 Qxd4 32. Rfc1 Qxf2+ 33. Kxf2 Kf8 34. Rc8+ Rd8 35. R8c7 Rd7 36. R7c5 Rda7 37. Bb5 Rd8 38. Ke2 h6 39. h4 Ne8 40. Rc8 Ra8 41. R8c5 Nd6 42. Bc6 Ra6 43. Rd1 Rc8 44. Rxd6 Ke7 45. e5 f6 46. f4 fxe5 47. fxe5 1-0

[Event "Yalta Yialos op"]
[Site "Yalta"]
[Date "2023.08.20"]
[Round "5"]
[White "Krivoshapov, Ivan Aleks"]
[Black "Dzigim, Galina"]
[Result "1/2-1/2"]
[WhiteElo "1072"]
[BlackElo "1538"]
[PlyCount "56"]
[EventDate "2023.08.16"]
[EventType "swiss"]
[EventRounds "9"]
[EventCountry "UKR"]
[SourceTitle "EXT 2024"]
[Source "ChessBase"]
[SourceDate "2023.10.10"]
[SourceVersion "1"]
[SourceVersionDate "2023.10.10"]
[SourceQuality "1"]

1. e4 e6 2. d4 d5 3. exd5 exd5 4. Nf3 Bd6 5. Bd3 Bg4 6. h3 Bh5 7. c3 Ne7 8. 0-0 0-0 9. Bg5 f6 10. Bh4 Qc8 11. Bg3 Qd8 12. Nbd2 b6 13. Qc2 Bg6 14. Bxg6 Nxg6 15. Qf5 Bxg3 16. fxg3 c6 17. Rae1 Qd7 18. Qe6+ Qxe6 19. Rxe6 h6 20. h4 h5 21. Rfe1 Kf7 22. c4 Rd8 23. c5 Rc8 24. Nb3 Nd7 25. Rd6 Rc7 26. Rf1 Kg8 27. Re1 Kf7 28. Rf1 Kg8 1/2-1/2